Complétez les paroles de Calogéro - Statistiques

Statistiques générales
  • Ce quiz a été pris 299 fois
  • Le résultat moyen est 7 sur 12
Statistiques - réponses
Chanson Paroles % Correct
Je joue de la musique Je joue de la musique, je sens la musique, je fais l'amour en musique, je t'aime en musique et quand je panique je branche ma {guitare} {électrique}
91%
Un Jour Au Mauvais Endroit Toi mon frère dis-moi pourquoi la vie continue sans moi, dis-moi pourquoi j'étais là un {jour} {au} {mauvais} {endroit}
89%
Le Portrait Il rêve couché sur un parquet dans {les} {bras} {de} {sa} {mère} dessinée à la craie, tous les soirs en secret ce dessin il le fait trait pour trait à partir d'un portrait
88%
Si seulement je pouvais lui manquer Aussi vrai que de loin je lui parle, j'apprends tout seul à faire mes armes, aussi vrai que j'arrête pas d'y penser si seulement {je} {pouvais} {lui} {manquer}
75%
En apesanteur J'arrive à me glisser juste avant que les portes ne se referment, elle me dit « {quel} {étage} » et sa voix me fait quitter la terre ferme
67%
Face à la mer Face à la mer j'aurais dû grandir, face contre terre {j}'{aurais} {pu} {mourir}, je me relève
59%
1987 Il y a certains jours où je reprends {mon} {skate} et je vais faire un tour en 1987. Il y a certains jours dans lesquels je me jette et je suis de retour en 1987
58%
Pomme C Pomme, c'est un homme et une femme, et c'est tout {un} {programme}, un ciel artificiel
55%
Avant toi Avant toi, c'était rien ou si peu que mon corps, avant toi, se souvient de s'être {senti} {mort}
28%
Yalla On ne retient pas l'écume dans le {creux} {de} {sa} {main}, on sait la vie se consume et il n'en reste rien
25%
Prendre Racine On peut s'aimer, se désaimer, on ne ressemble {qu}'{à} {ce} {qu}'{on} {fait}, on peut rêver, se réveiller, on est semblable à ce qu'on est
17%
Un jour parfait C'est un jour parfait, ni bon ni mauvais, juste un jour parfait, rien pour {nous} {arrêter}
10%
Aucun quiz correspondant
Distribution des résultats
% des personnes avec chaque résultat
Percentile par nombre de réponses
Votre historique - résultats
Vous n’avez pas pris ce quiz